00569nam a22001817a 450000500170000000800410001702000270005804000090008504100120009408200130010610000280011924500760014726000540022330000080027765000490028570000260033470000270036020260523120707.0260523b |||||||| |||| 00| 0 eng d a9789360284091c4450.00 aMAIN aEnglish a580bDIV aDas, Abhaya Prasad (ed) aDiversity of Plants And Microbes b: Conservation And Traditional Uses  aDehradunbBishan Singh Mahindra Pal Singh c2024 a500 aUttarakhand Collection : Himalaya Collection aTangjang, Sumpam (ed) aWangpang, Tonlong (ed)